History Quiz

Random History or Year Quiz

2017 Quiz Stats

 Plays Quiz Updated Jan 4, 2018

Score 0/24 Timer 06:00
1 Play Today
Clue Answer % Correct
Who became the 45th president of the USA?Donald Trump
99.2%
Which country issued its first-ever nationwide red alert for smog?China
87.6%
Which country launched a Hwasong-12 missile over Hokkaido, Japan?North Korea
85%
Which Russian president announced his bid for re-election in 2018?Vladimir Putin
82.8%
At whose Manchester (UK) concert were bombs detonated killing 23 people? Ariana Grande
70%
Which airline forcibly removed a passenger from one of their planes?United Airlines
65.1%
Which US organization announced they would begin to allow girls to join for the first time?Boy Scouts
63%
What was the name of the Star Wars movie which premiered in Los Angeles?The Last Jedi
61.4%
Which NFL sportsman was granted parole after almost nine years in prison?O. J. Simpson
59.9%
Which UK Prime Minister entered into a political partnership with the Democratic Unionist Party?Theresa May
57.6%
Which region of Spain approved an independence referendum?Catalonia
57.4%
Which city was chosen to host the 2024 Summer Olympic games?Paris
47.2%
Clue Answer % Correct
The La Rambla terrorist attack occurred in which European city?Barcelona
46.9%
Which Johnny B. Goode singer died aged 90 in Wentzville, Missouri? Chuck Berry
44.7%
Which species of leopard was no longer considered an 'endangered' species?Snow Leopard
44.5%
Marine Le Pen and which man progressed to the second round of French elections?Emmanuel Macron
43%
Who won Album, Record and Song of the Year at the 59th Grammy awards?Adele
42.6%
Slobodan Praljak died in which Dutch city's courtroom after taking poison?The Hague
41.6%
A third species of which great ape was identified by scientists in Sumatra?Orangutan
36.7%
Kim Jong-nam, brother of Kim Jong-un, was assassinated in which country?Malaysia
36%
Which former Panamanian leader died aged 83?Manuel Noriega
24%
Who won his third consecutive Tour de France?Chris Froome
21.4%
Israel and Syria resumed hostilities over which disputed plateau?Golan Heights
20.9%
Who was acquitted of protester deaths in the 2011 Egyptian Revolution?Hosni Mubarak
20.2%

You're not logged in!

Compare scores with friends on all Sporcle quizzes.
OR
Log In

Sporcle TV

Today on Sporcle TV


Watch our educational content, quiz creation guides, and fun videos on Sporcle TV.

Show Comments

Extras

Top Quizzes Today


Score Distribution

Your Account Isn't Verified!

In order to create a playlist on Sporcle, you need to verify the email address you used during registration. Go to your Sporcle Settings to finish the process.

Report this User

Report this user for behavior that violates our Community Guidelines.

Details: